Coexistencia e interacción de comunidades cazadores-recolectores del Arcaico Temprano en el semiárido de Chile /

Se plantea la coexistencia e interacción entre dos comunidades de cazadores-recolectores diferenciadas culturalmente: el Complejo Huentelauquén y la Tradición San Pedro Viejo de Pichasca. La coexistencia ha sido atestiguada por las evidencias de asentamientos que ocuparon sincrónicamente un mismo es...

Full description

Bibliographic Details
Main Author: Jackson S., Donald
Format: Analitica de revista
Language:Spanish
Published: La Ligua, Chile Museo de la Ligua 1997
Subjects:

MARC

LEADER 00000cab a2200000 a 4500
001 049231
003 UAHC_CL
005 20170803125421.0
008 031122s1997 cl 000 spa
040 |a UAHC_CL  |c UAHC_CL  |d UAHC_CL 
100 1 |a Jackson S., Donald 
245 1 0 |a Coexistencia e interacción de comunidades cazadores-recolectores del Arcaico Temprano en el semiárido de Chile /  |c Donald Jackson S. 
260 |b Museo de la Ligua  |c 1997  |a La Ligua, Chile 
300 |a pp. 13-36 
500 |a En: Valles. Revista de Estudios Regionales, N¼ 3, 1997. p. 13-36. 0717179X. 
500 |a En: Valles. Revista de Estudios Regionales, Nº 3, 1997. p. 13-36. 0717179X. 
520 |a Se plantea la coexistencia e interacción entre dos comunidades de cazadores-recolectores diferenciadas culturalmente: el Complejo Huentelauquén y la Tradición San Pedro Viejo de Pichasca. La coexistencia ha sido atestiguada por las evidencias de asentamientos que ocuparon sincrónicamente un mismo espacio geográfico y ambiental, el semiárido de Chile, durante el Holoceno Temprano. La interacción se manifiesta en contextos arqueológicos que evidencian indicadores culturales de ambas comunidades. Los mecanismos explicativos de esta coexistencia e interacción se relacionan con respuestas socio-culturales, gatilladas por cambios del entorno natural de tales comunidades. El resultado de esta interacción ha sido la generación de una comunidad históricamente más viable, en la que han ido desapareciendo algunos indicadores culturales propios de su origen, a la vez que se han ido fortaleciendo otros que han dado origen a nuevos rasgos de identidad. 
520 |a Se plantea la coexistencia e interacción entre dos comunidades de cazadores-recolectores diferenciadas culturalmente: el Complejo Huentelauquén y la Tradición San Pedro Viejo de Pichasca. La coexistencia ha sido atestiguada por las evidencias de asentamientos que ocuparon sincrónicamente un mismo espacio geográfico y ambiental, el semiárido de Chile, durante el Holoceno Temprano. La interacción se manifiesta en contextos arqueológicos que evidencian indicadores culturales de ambas comunidades. Los mecanismos explicativos de esta coexistencia e interacción se relacionan con respuestas socio-culturales, gatilladas por cambios del entorno natural de tales comunidades. El resultado de esta interacción ha sido la generación de una comunidad históricamente más viable, en la que han ido desapareciendo algunos indicadores culturales propios de su origen, a la vez que se han ido fortaleciendo otros que han dado origen a nuevos rasgos de identidad. 
650 4 |a PREHISTORIA  |z CHILE 
650 4 |a ASENTAMIENTOS HUMANOS  |z CHILE 
653 |a PEDAGOGIA EN HISTORIA Y CIENCIAS SOCIALES 
653 |a LICENCIATURA EN HISTORIA 
759 |a PP183 
773 0 |t Visiones de la educación  |w 049301 
900 |a VALLES-03/97 
942 |c REVA 
952 |0 0  |1 0  |4 0  |6 VALLES_03_97_000000000000000  |7 0  |8 General  |9 88096  |a BC  |b BC  |c General  |d 2017-08-03  |l 0  |o VALLES-03/97  |p FICTICIO15913  |r 2019-01-08 00:00:00  |t 1  |w 2017-08-03  |y REVA 
999 |c 49231  |d 49231